[Event "XLV Festival A"]
[Site "Imperia ITA"]
[Date "2003.08.31"]
[Round "1"]
[White "Astengo, Marcello"]
[Black "Jasny, Stanislav"]
[WhiteElo "2070"]
[BlackElo "2319"]
[Result "1-0"]
[PlyCount "81"]
[EventDate "2003.08.31"]

1. d4 Nf6 2. c4 d6 3. Nc3 Nbd7 4. e4 e5 5. Nf3 g6 6. Be2 Bg7 7. dxe5 dxe5 8.
Bg5 h6 9. Be3 O-O 10. O-O c6 11. Nd2 Qe7 12. Qa4 Re8 13. b4 Nf8 14. f3 Ne6 15.
Nb3 Nh5 16. Rfd1 Nef4 17. Bf1 Qg5 18. Kh1 Qh4 19. Rd2 Ng3+ 20. Kg1 Nxf1 21.
Rxf1 Be6 22. b5 Red8 23. g3 Nh3+ 24. Kg2 Rxd2+ 25. Bxd2 Qd8 26. Rd1 cxb5 27.
Qxb5 a6 28. Qxb7 Rb8 29. Qa7 Qc8 30. Nd5 Rb7 31. Qxa6 Qb8 32. Be3 Rxb3 33. axb3
Qxb3 34. Qb6 Qxd1 35. Qd8+ Kh7 36. Nf6+ Bxf6 37. Qxd1 Nf4+ 38. gxf4 Bxc4 39.
fxe5 Bxe5 40. Qc1 Be6 41. Qc2 1-0

[Event "XLV Festival A"]
[Site "Imperia ITA"]
[Date "2003.08.31"]
[Round "1"]
[White "Barletta, Antonio"]
[Black "Kantorik, Marian"]
[WhiteElo "2053"]
[BlackElo "2272"]
[Result "0-1"]
[PlyCount "84"]
[EventDate "2003.08.31"]

1. e4 Nf6 2. e5 Nd5 3. d4 d6 4. Bc4 Nb6 5. Bb3 dxe5 6. Qh5 e6 7. dxe5 Nc6 8.
Nf3 g6 9. Qg4 a5 10. a4 Bg7 11. Bg5 Qd7 12. Qe4 Nb4 13. Nc3 Qc6 14. Rd1 Nd7 15.
Qe2 O-O 16. O-O h6 17. Bf4 Nc5 18. Nd4 Qe8 19. Ndb5 Qe7 20. Rd2 b6 21. Ne4 Bb7
22. Nxc5 Qxc5 23. Rfd1 Rac8 24. Rd4 Ba6 25. Qe4 Bxb5 26. axb5 Qxb5 27. Rd7 Nd5
28. Ba4 Qxb2 29. Bb3 Nc3 30. Qd3 Nxd1 31. Bxe6 Nc3 32. h3 Ne2+ 33. Qxe2 fxe6
34. Qg4 Rxf4 35. Qxg6 Qa1+ 36. Kh2 Qxe5 37. Rxg7+ Qxg7 38. Qxe6+ Kh7 39. Qxc8
Rxf2 40. Qb7 Rxg2+ 41. Qxg2 Qxg2+ 42. Kxg2 a4 0-1

[Event "XLV Festival A"]
[Site "Imperia ITA"]
[Date "2003.08.31"]
[Round "1"]
[White "Barlocco, Carlo"]
[Black "Sautto, Alessandra"]
[WhiteElo "2150"]
[BlackElo "1968"]
[Result "1-0"]
[PlyCount "67"]
[EventDate "2003.08.31"]

1. d4 d5 2. Bg5 Nd7 3. e3 Ngf6 4. Nf3 e6 5. c4 Be7 6. Nc3 O-O 7. Rc1 a6 8. c5
c6 9. b4 Ne4 10. Nxe4 dxe4 11. Bxe7 Qxe7 12. Nd2 f5 13. Bc4 Nf6 14. O-O Nd5 15.
Qb3 Qg5 16. Rce1 Bd7 17. f3 Qg6 18. f4 Kh8 19. Be2 Rfd8 20. Nc4 Qf6 21. Ne5 Be8
22. Kh1 Qe7 23. Bc4 a5 24. a3 axb4 25. axb4 Ra7 26. Bxd5 exd5 27. Ra1 Rda8 28.
Rxa7 Rxa7 29. b5 Qd8 30. bxc6 bxc6 31. h3 Ra5 32. Qb7 Qa8 33. Qe7 Bh5 34. Nxc6
1-0

[Event "XLV Festival A"]
[Site "Imperia ITA"]
[Date "2003.08.31"]
[Round "1"]
[White "Blasco, Domenico"]
[Black "Luciani, Carlo"]
[WhiteElo "2040"]
[BlackElo "2233"]
[Result "0-1"]
[PlyCount "66"]
[EventDate "2003.08.31"]

1. Nf3 Nf6 2. g3 g6 3. Bg2 Bg7 4. O-O O-O 5. d3 c5 6. Nbd2 Nc6 7. e4 d6 8. a4
Rb8 9. Nc4 b6 10. Nh4 d5 11. exd5 Nxd5 12. Ne3 Be6 13. c3 Qd7 14. f4 Nxe3 15.
Bxe3 Bd5 16. Bxd5 Qxd5 17. Qf3 Rfd8 18. Rad1 e6 19. Rd2 Rbc8 20. Rfd1 Na5 21.
Qf2 Qd7 22. Nf3 Nb3 23. Rc2 Qxa4 24. Ne5 Rd5 25. Rf1 f6 26. c4 Rdd8 27. Rc3
fxe5 28. Qc2 exf4 29. Bxf4 Bd4+ 30. Kg2 Qc6+ 31. Kh3 Rf8 32. Re1 Rxf4 33. gxf4
Qf3+ 0-1

[Event "XLV Festival A"]
[Site "Imperia ITA"]
[Date "2003.08.31"]
[Round "1"]
[White "Cugini, Verter"]
[Black "Blazkova, Barbora"]
[WhiteElo "2214"]
[BlackElo "2027"]
[Result "1-0"]
[PlyCount "75"]
[EventDate "2003.08.31"]

1. e4 c5 2. g3 d6 3. Bg2 Nf6 4. Ne2 Nc6 5. O-O e6 6. c3 Be7 7. d4 O-O 8. h3 Qc7
9. Na3 a6 10. Be3 b5 11. Nf4 Rd8 12. Rc1 Bb7 13. d5 exd5 14. Nxd5 Nxd5 15. exd5
Ne5 16. f4 Ng6 17. c4 b4 18. Nb1 Bf6 19. Qc2 Re8 20. Bf2 a5 21. Nd2 Bc8 22.
Rfe1 Bd7 23. Ne4 Kh8 24. Nxf6 gxf6 25. Kh2 Rg8 26. Re2 Rg7 27. Rg1 Rag8 28. b3
h5 29. Qb2 Qd8 30. Be4 Bc8 31. Bxg6 Qd7 32. g4 Rxg6 33. f5 Rh6 34. Be3 hxg4 35.
Bxh6 Qxf5 36. Rxg4 Rxg4 37. hxg4 Qxg4 38. Qxf6+ 1-0

[Event "XLV Festival A"]
[Site "Imperia ITA"]
[Date "2003.08.31"]
[Round "1"]
[White "Faraci, Antonino"]
[Black "Isonzo, David"]
[WhiteElo "2088"]
[BlackElo "2347"]
[Result "0-1"]
[PlyCount "78"]
[EventDate "2003.08.31"]

1. Nf3 Nc6 2. d4 d5 3. c3 Bg4 4. Nbd2 e6 5. g3 Nf6 6. Bg2 Bd6 7. O-O O-O 8. Re1
Bh5 9. b4 a6 10. a3 Re8 11. e4 dxe4 12. Nxe4 Nxe4 13. Rxe4 e5 14. d5 Ne7 15. g4
Bg6 16. Re1 e4 17. Nh4 Nxd5 18. Nxg6 hxg6 19. Qc2 Qf6 20. Rb1 Qxc3 21. Qxc3
Nxc3 22. Rb3 Nb5 23. Rxe4 Rxe4 24. Bxe4 Re8 25. f3 Nd4 26. Rb1 Ne2+ 27. Kf2 Nc3
28. Rb3 Nxe4+ 29. fxe4 Rxe4 30. h3 Rc4 31. Be3 b5 32. Ke2 f6 33. Kd3 Kf7 34.
Rb1 Ke6 35. Bd2 Kd5 36. Re1 Be5 37. a4 bxa4 38. g5 Rh4 39. gxf6 gxf6 0-1

[Event "XLV Festival A"]
[Site "Imperia ITA"]
[Date "2003.08.31"]
[Round "1"]
[White "Feistenauer, Harald"]
[Black "Mozny, Milos"]
[WhiteElo "2094"]
[BlackElo "2364"]
[Result "0-1"]
[PlyCount "58"]
[EventDate "2003.08.31"]

1. c4 e6 2. g3 d5 3. Bg2 c5 4. Nf3 Nc6 5. O-O Nf6 6. cxd5 exd5 7. d4 Be7 8. Nc3
O-O 9. b3 Ne4 10. Bb2 Bf6 11. e3 Bg4 12. Ne2 Re8 13. h3 Bxf3 14. Bxf3 Rc8 15.
Re1 b5 16. a3 a5 17. Bg2 b4 18. axb4 axb4 19. Ra6 c4 20. bxc4 dxc4 21. Qc2 b3
22. Qb1 Nb4 23. Ra4 Nc2 24. Rd1 Qe7 25. Bxe4 Qxe4 26. Nc3 Qf5 27. e4 Qxh3 28.
e5 Bg5 29. Ne4 Ne3 0-1

[Event "XLV Festival A"]
[Site "Imperia ITA"]
[Date "2003.08.31"]
[Round "1"]
[White "Karl, Hans"]
[Black "Carzolio, Luigi"]
[WhiteElo "2265"]
[BlackElo "2042"]
[Result "1-0"]
[PlyCount "75"]
[EventDate "2003.08.31"]

1. d4 b5 2. e4 Bb7 3. Bd3 e6 4. Nf3 c5 5. c3 a6 6. O-O Nf6 7. Qe2 Nc6 8. Bg5
Qb8 9. Nbd2 cxd4 10. cxd4 Be7 11. Rac1 O-O 12. e5 Nd5 13. Qe4 g6 14. Qh4 f6 15.
exf6 Bxf6 16. Ne4 Bg7 17. Be3 Nce7 18. Nc5 Bc8 19. Ng5 h6 20. Nh3 Nf5 21. Qg4
g5 22. Qh5 Nf6 23. Qe2 Nd5 24. Rcd1 Ra7 25. Bb1 d6 26. Ne4 Re7 27. Ng3 Bb7 28.
Qd3 Nb4 29. Qb3 Nd5 30. a3 Qa8 31. Rd2 Nxg3 32. fxg3 Rxf1+ 33. Kxf1 Nf6 34. Nf2
Bd5 35. Qc2 Rf7 36. Kg1 Qb7 37. Qc1 Bxg2 38. Rc2 1-0

[Event "XLV Festival A"]
[Site "Imperia ITA"]
[Date "2003.08.31"]
[Round "1"]
[White "Likavsky, Tomas"]
[Black "Cirabisi, Federico"]
[WhiteElo "2470"]
[BlackElo "2109"]
[Result "1-0"]
[PlyCount "53"]
[EventDate "2003.08.31"]

1. d4 d5 2. Nf3 e6 3. c4 c6 4. e3 f5 5. Bd3 Bd6 6. O-O Qf6 7. b3 Nd7 8. Ba3 Bb8
9. Nc3 g5 10. cxd5 exd5 11. e4 g4 12. e5 Qh6 13. Ne1 Nf8 14. Qc2 Ne6 15. Nb5
Nxd4 16. Nxd4 Bxe5 17. Nef3 gxf3 18. Nxf3 Bxa1 19. Rxa1 Nf6 20. Bxf5 Rg8 21.
Qc5 Rxg2+ 22. Kh1 Qg7 23. Re1+ Ne4 24. Bxe4 dxe4 25. Rxe4+ Kd8 26. Qd6+ Bd7 27.
Re7 1-0

[Event "XLV Festival A"]
[Site "Imperia ITA"]
[Date "2003.08.31"]
[Round "1"]
[White "Malano, Francesco"]
[Black "Gross, Stefan"]
[WhiteElo "2075"]
[BlackElo "2328"]
[Result "0-1"]
[PlyCount "76"]
[EventDate "2003.08.31"]

1. c4 e5 2. Nc3 Nf6 3. g3 d5 4. cxd5 Nxd5 5. Bg2 Ne7 6. Nf3 Nbc6 7. Qa4 f6 8.
O-O Bd7 9. b4 a6 10. Qb3 Nf5 11. a3 Nfd4 12. Nxd4 Nxd4 13. Qd1 Bc6 14. Bxc6+
Nxc6 15. Bb2 Bd6 16. Rc1 O-O 17. Qb3+ Kh8 18. Na4 Qd7 19. Nc5 Bxc5 20. Rxc5
Qxd2 21. e3 Rad8 22. b5 axb5 23. Qxb5 Qd6 24. Rfc1 Rb8 25. Qc4 Rfd8 26. a4 Ra8
27. Bc3 Rxa4 28. Qxa4 Qxc5 29. Bb2 Qd5 30. h4 h6 31. Ba3 Qf3 32. Qc2 e4 33. Bc5
Ne5 34. Bd4 Ng4 35. Rf1 Rxd4 36. exd4 e3 37. Qxc7 exf2+ 38. Rxf2 Qxf2+ 0-1

[Event "XLV Festival A"]
[Site "Imperia ITA"]
[Date "2003.08.31"]
[Round "1"]
[White "Miladinovic, Igor"]
[Black "Fregonese, Giulio"]
[WhiteElo "2609"]
[BlackElo "2136"]
[Result "1-0"]
[PlyCount "63"]
[EventDate "2003.08.31"]

1. d4 Nf6 2. Bg5 d5 3. Bxf6 gxf6 4. e3 Bg7 5. Ne2 Bf5 6. Ng3 Be6 7. Bd3 Qd7 8.
h3 Nc6 9. c3 O-O-O 10. Nd2 Na5 11. Qe2 Rdg8 12. b4 Nc6 13. Nb3 Kb8 14. a4 f5
15. Nc5 Qc8 16. a5 Bh6 17. Qf3 Rg6 18. b5 Nd8 19. Nxf5 Bf8 20. Nh4 Rf6 21. Qg3
Bd7 22. Nf3 e6 23. Ne5 Bxc5 24. dxc5 h5 25. a6 Be8 26. b6 Bc6 27. axb7 Bxb7 28.
Rxa7 h4 29. Qh2 Rh5 30. O-O Rfh6 31. c6 cxb6 32. Nd7+ 1-0

[Event "XLV Festival A"]
[Site "Imperia ITA"]
[Date "2003.08.31"]
[Round "1"]
[White "Mrdja, Milan"]
[Black "De Marco, Walter"]
[WhiteElo "2384"]
[BlackElo "2096"]
[Result "1-0"]
[PlyCount "38"]
[EventDate "2003.08.31"]

1. e4 g6 2. d4 Bg7 3. Nc3 d6 4. Bc4 c6 5. Bb3 Nf6 6. f4 O-O 7. Nf3 Na6 8. e5
Ne8 9. Be3 d5 10. O-O Bg4 11. h3 Bxf3 12. Qxf3 e6 13. g4 Qe7 14. Rae1 Nec7 15.
Ne2 c5 16. c3 Rab8 17. f5 f6 18. g5 gxf5 19. exf6 Qf7 1-0

[Event "XLV Festival A"]
[Site "Imperia ITA"]
[Date "2003.08.31"]
[Round "1"]
[White "Pauwels, Rudi"]
[Black "Riccio, Eros"]
[WhiteElo "2013"]
[BlackElo "2198"]
[Result "0-1"]
[PlyCount "74"]
[EventDate "2003.08.31"]

1. d4 d5 2. Nf3 Nf6 3. Bf4 c5 4. dxc5 Nc6 5. c3 a5 6. e3 e6 7. Nbd2 Bxc5 8. Bd3
O-O 9. O-O Re8 10. e4 e5 11. Bg5 Be7 12. Bxf6 Bxf6 13. exd5 Qxd5 14. Ne4 Rd8
15. Nxf6+ gxf6 16. Bc2 Qc4 17. Qb1 Qg4 18. Re1 Qh5 19. Re3 Kh8 20. Qf1 Ne7 21.
Rd1 Nd5 22. Bb3 Be6 23. Re4 Nb6 24. Bxe6 fxe6 25. Re3 Rg8 26. g3 Nd5 27. Rxd5
exd5 28. Qb5 Qf7 29. Nh4 Rgd8 30. Nf5 Qd7 31. Qxd7 Rxd7 32. f4 Re8 33. Kf2 Rdd8
34. Re1 exf4 35. Rd1 fxg3+ 36. hxg3 Kg8 37. Rd4 Re6 0-1

[Event "XLV Festival A"]
[Site "Imperia ITA"]
[Date "2003.08.31"]
[Round "1"]
[White "Pedemonte, Claudio"]
[Black "Sarmir, Milos"]
[WhiteElo "1974"]
[BlackElo "2152"]
[Result "0-1"]
[PlyCount "96"]
[EventDate "2003.08.31"]

1. c4 Nf6 2. Nc3 d5 3. cxd5 Nxd5 4. g3 c6 5. Bg2 e6 6. e4 Nb4 7. Bf1 Bc5 8. Nf3
O-O 9. a3 Nd3+ 10. Bxd3 Qxd3 11. Qe2 Qd7 12. b4 Be7 13. O-O a5 14. bxa5 Rxa5
15. Bb2 b6 16. Qe3 Ba6 17. Rfe1 Qc7 18. d4 Nd7 19. e5 Bb7 20. Red1 Rfa8 21. a4
Bb4 22. Qg5 Nf8 23. Ne4 Be7 24. Qg4 Rxa4 25. Rxa4 Rxa4 26. Nf6+ Bxf6 27. exf6
Ng6 28. h4 c5 29. Ne5 gxf6 30. Nxg6 hxg6 31. h5 Kg7 32. hxg6 fxg6 33. Qxe6 cxd4
34. Rc1 Qd8 35. Rd1 Rb4 36. Ba3 Bd5 37. Qe2 Rb3 38. Be7 Qd7 39. Re1 Bf3 40. Qc4
Rb5 41. Qd3 Bc6 42. Ba3 Qh3 43. Re7+ Kh8 44. Re4 Rh5 45. Qf3 Qh2+ 46. Kf1 Qh1+
47. Ke2 Qxf3+ 48. Kxf3 Re5 0-1

[Event "XLV Festival A"]
[Site "Imperia ITA"]
[Date "2003.08.31"]
[Round "1"]
[White "Raineri, Valerio"]
[Black "Gallitto, Salvatore"]
[WhiteElo "2164"]
[BlackElo "2010"]
[Result "1-0"]
[PlyCount "111"]
[EventDate "2003.08.31"]

1. e4 d6 2. d4 Nf6 3. Nc3 c6 4. Bd3 e5 5. Nf3 Bg4 6. dxe5 dxe5 7. h3 Bxf3 8.
Qxf3 Bc5 9. Bg5 Nbd7 10. O-O Qc7 11. Rad1 b5 12. Ne2 h6 13. Bc1 Nf8 14. Ng3 Ne6
15. c3 O-O-O 16. Nf5 g5 17. b4 Bb6 18. Be3 h5 19. Bc2 g4 20. Rxd8+ Rxd8 21.
Bxb6 axb6 22. Nd6+ Rxd6 23. Qxf6 Nd4 24. Qh8+ Rd8 25. Qxh5 Nxc2 26. Qxg4+ Qd7
27. Qg7 Qe6 28. h4 Na3 29. h5 Rd6 30. f4 Nc4 31. f5 Qf6 32. Qxf6 Rxf6 33. Re1
Kd7 34. Kf2 Rd6 35. g4 f6 36. Ra1 Na3 37. Rg1 Ke7 38. Kg3 Rd3+ 39. Kh4 Re3 40.
h6 Kf7 41. Rd1 Re2 42. Rd7+ Ke8 43. Ra7 Rh2+ 44. Kg3 Rxh6 45. Rxa3 Rh1 46. Ra8+
Ke7 47. Ra7+ Ke8 48. Rc7 Rg1+ 49. Kf3 Rf1+ 50. Ke3 Re1+ 51. Kd3 Rg1 52. Rxc6
Rxg4 53. Rxf6 Rg2 54. Re6+ Kf7 55. Rxe5 Rxa2 56. Rxb5 1-0

[Event "XLV Festival A"]
[Site "Imperia ITA"]
[Date "2003.08.31"]
[Round "1"]
[White "Rojicek, Vojtech"]
[Black "Chatalbashev, Boris"]
[WhiteElo "2117"]
[BlackElo "2509"]
[Result "0-1"]
[PlyCount "42"]
[EventDate "2003.08.31"]

1. d4 g6 2. e4 Bg7 3. Nf3 d6 4. Bc4 Nf6 5. Qe2 Bg4 6. e5 dxe5 7. Bxf7+ Kf8 8.
dxe5 Kxf7 9. exf6 exf6 10. Ne5+ fxe5 11. Qxg4 Re8 12. Nc3 Kg8 13. h4 Qd7 14.
Qg3 Nc6 15. Ne4 Nd4 16. Qd3 Qg4 17. Be3 Rad8 18. Bg5 Rd7 19. c3 Qxg2 20. Qc4+
Re6 21. O-O-O b5 0-1

[Event "XLV Festival A"]
[Site "Imperia ITA"]
[Date "2003.08.31"]
[Round "1"]
[White "Semeria, Marco"]
[Black "Vrana, Frantisek"]
[WhiteElo "2066"]
[BlackElo "2300"]
[Result "0-1"]
[PlyCount "128"]
[EventDate "2003.08.31"]

1. e4 g6 2. d4 c6 3. Be3 d5 4. Nc3 dxe4 5. Nxe4 Nh6 6. Bc4 Nf5 7. Qe2 Bg7 8.
O-O-O Nxe3 9. fxe3 O-O 10. Nf3 b5 11. Bb3 a5 12. a4 bxa4 13. Bxa4 Ba6 14. Qf2
Bb5 15. Bxb5 cxb5 16. Rhe1 b4 17. Nc5 Na6 18. Nd3 a4 19. Re2 Qc7 20. Kd2 a3 21.
Rb1 Rfc8 22. Ke1 b3 23. cxb3 a2 24. Ra1 Nb4 25. Nc5 Qxc5 26. dxc5 Nd3+ 27. Kf1
Nxf2 28. Kxf2 Rxc5 29. Nd4 e5 30. Nc2 e4 31. Nd4 Rd5 32. Nc6 Rb5 33. Ke1 Bf8
34. Rc2 Rh5 35. h3 Bd6 36. Nd4 Rg5 37. Kf1 Rd5 38. Rc4 Rda5 39. Nc2 Be5 40. Nd4
f5 41. Rc2 Bf6 42. b4 Ra4 43. b3 Rxb4 44. Raxa2 Rxa2 45. Rxa2 Bxd4 46. exd4
Rxd4 47. Ra4 Rd2 48. Rb4 Kg7 49. Rb7+ Kh6 50. b4 Rb2 51. b5 Kg5 52. Rxh7 Rxb5
53. Rc7 Kf4 54. Rc3 Rb1+ 55. Kf2 Rb2+ 56. Kg1 e3 57. Ra3 g5 58. Rc3 Ke4 59. Ra3
Rc2 60. Rb3 f4 61. Ra3 f3 62. Ra4+ Kd3 63. gxf3 Rc1+ 64. Kg2 e2 0-1

[Event "XLV Festival A"]
[Site "Imperia ITA"]
[Date "2003.08.31"]
[Round "1"]
[White "Trumpf, Walter"]
[Black "Biolek, Richard sr"]
[WhiteElo "2098"]
[BlackElo "2449"]
[Result "0-1"]
[PlyCount "100"]
[EventDate "2003.08.31"]

1. d4 Nf6 2. Nc3 d6 3. e4 e5 4. dxe5 dxe5 5. Qxd8+ Kxd8 6. Bc4 Be6 7. Bxe6 fxe6
8. f3 Nbd7 9. Be3 Bc5 10. Bxc5 Nxc5 11. O-O-O+ Ke7 12. Nh3 c6 13. Nf2 b5 14.
Rd2 Rhd8 15. Rhd1 Rxd2 16. Rxd2 a5 17. Ncd1 a4 18. a3 Rf8 19. Nd3 Nxd3+ 20.
Rxd3 Nd7 21. Nf2 h5 22. Kd2 c5 23. Kc3 Rb8 24. b4 Rc8 25. Rd2 Nb6 26. bxc5 Nc4
27. Re2 Rxc5 28. Kb4 Rc8 29. Nd1 Kd6 30. Kxb5 Nxa3+ 31. Kxa4 Nxc2 32. Rd2+ Nd4
33. Kb4 Ke7 34. Ne3 Kf6 35. Nc4 Rb8+ 36. Ka4 Nb3 37. Rf2 Nc5+ 38. Ka5 g5 39.
Nb6 Rd8 40. Kb5 Nd3 41. Rd2 Rd4 42. Nc4 Ne1 43. Rxd4 exd4 44. Kc5 e5 45. Kd5 d3
46. Ne3 d2 47. g4 Nxf3 48. h3 Ng1 49. Kc4 Nxh3 50. Kc3 Nf2 0-1

[Event "XLV Festival A"]
[Site "Imperia ITA"]
[Date "2003.08.31"]
[Round "1"]
[White "Verrascina, Nicola"]
[Black "Voloshin, Leonid"]
[WhiteElo "2102"]
[BlackElo "2468"]
[Result "0-1"]
[PlyCount "80"]
[EventDate "2003.08.31"]

1. e4 c5 2. d4 cxd4 3. c3 dxc3 4. Nxc3 e6 5. Nf3 a6 6. Bc4 d6 7. O-O Nc6 8. Qe2
b5 9. Bb3 Ra7 10. h3 Be7 11. Be3 Rd7 12. Rac1 Bb7 13. Rfd1 Nf6 14. a3 Na5 15.
Bc2 Nc4 16. Bb1 Nxe3 17. Qxe3 O-O 18. e5 dxe5 19. Nxe5 Rxd1+ 20. Rxd1 Qc7 21.
Rc1 Qb8 22. Ne2 Rc8 23. Rxc8+ Qxc8 24. Nf4 Qc5 25. Qe1 Bd6 26. Nfd3 Qd5 27. f3
Qd4+ 28. Kh1 Nd5 29. Ng4 h5 30. Nh2 f6 31. Nf1 Nf4 32. Nxf4 Qxf4 33. Qd2 Bd5
34. Bd3 Qxd2 35. Nxd2 Be5 36. b3 Bf4 37. Ne4 Bxb3 38. Nc5 Bc4 39. Bxc4 bxc4 40.
Nxa6 Bd6 0-1

[Event "XLV Festival A"]
[Site "Imperia ITA"]
[Date "2003.08.31"]
[Round "1"]
[White "Verrascina, Roberto"]
[Black "Svacina, Petr"]
[WhiteElo "2226"]
[BlackElo "2037"]
[Result "1-0"]
[PlyCount "109"]
[EventDate "2003.08.31"]

1. d4 Nf6 2. Bg5 d6 3. Bxf6 exf6 4. e3 f5 5. Ne2 g6 6. Nf4 Bg7 7. h4 b6 8. Qf3
c6 9. Nd2 d5 10. c4 Bb7 11. cxd5 cxd5 12. Bb5+ Ke7 13. Bc4 Re8 14. Bxd5 Bxd5
15. Nxd5+ Kf8 16. O-O Na6 17. h5 Qd6 18. Rac1 Rad8 19. Nf4 g5 20. Ne2 f4 21.
exf4 gxf4 22. Nb3 Nb4 23. Nxf4 Bh6 24. g3 Bxf4 25. gxf4 Nd5 26. f5 Qf4 27. Qxf4
Nxf4 28. Kh2 Nxh5 29. Rfe1 Nf6 30. f3 Rd5 31. Rxe8+ Kxe8 32. Rc8+ Ke7 33. Rc7+
Rd7 34. Rxd7+ Kxd7 35. Kg3 Kd6 36. Kf4 h6 37. Nd2 Nd5+ 38. Ke4 Nf6+ 39. Kd3 Nd7
40. Kc4 h5 41. Ne4+ Kc6 42. d5+ Kc7 43. Kd4 b5 44. Ke3 Nb6 45. d6+ Kc6 46. Kf4
Nc4 47. Kg5 Nxb2 48. Kf6 Nc4 49. Kxf7 h4 50. Ke7 Ne5 51. f6 h3 52. f7 h2 53.
Ng3 Ng6+ 54. Ke8 Kxd6 55. f4 1-0

[Event "XLV Festival A"]
[Site "Imperia ITA"]
[Date "2003.09.01"]
[Round "2"]
[White "Blazkova, Barbora"]
[Black "Verrascina, Nicola"]
[WhiteElo "2027"]
[BlackElo "2102"]
[Result "1/2-1/2"]
[PlyCount "23"]
[EventDate "2003.08.31"]

1. d4 f5 2. Nf3 e6 3. c4 Nf6 4. g3 d5 5. Bg2 c6 6. O-O Bd6 7. b3 Qe7 8. Nc3 O-O
9. Bf4 Bxf4 10. gxf4 Ne4 11. Qc2 Nd7 12. Ne5 1/2-1/2

[Event "XLV Festival A"]
[Site "Imperia ITA"]
[Date "2003.09.01"]
[Round "2"]
[White "Chatalbashev, Boris"]
[Black "Karl, Hans"]
[WhiteElo "2509"]
[BlackElo "2265"]
[Result "1-0"]
[PlyCount "43"]
[EventDate "2003.08.31"]

1. d4 Nf6 2. c4 c5 3. d5 g6 4. Nc3 d6 5. e4 Bg7 6. Bd3 O-O 7. Nge2 e6 8. O-O
exd5 9. cxd5 Na6 10. Bg5 h6 11. Bh4 g5 12. Bg3 Nh5 13. Qb3 f5 14. exf5 Bxf5 15.
Bxf5 Rxf5 16. Ne4 Nxg3 17. N4xg3 Rf7 18. f4 g4 19. f5 Qf8 20. Rf4 h5 21. Nxh5
Rxf5 22. Raf1 1-0

[Event "XLV Festival A"]
[Site "Imperia ITA"]
[Date "2003.09.01"]
[Round "2"]
[White "De Marco, Walter"]
[Black "Skapikova, Lubica"]
[WhiteElo "2096"]
[BlackElo "2033"]
[Result "1/2-1/2"]
[PlyCount "28"]
[EventDate "2003.08.31"]

1. Nf3 d5 2. b3 c5 3. e3 Nc6 4. Bb5 Bd7 5. Bb2 Nf6 6. O-O e6 7. d3 Be7 8. Nbd2
O-O 9. Bxc6 Bxc6 10. Ne5 Nd7 11. Nxc6 bxc6 12. f4 Qb6 13. Qe2 Qc7 14. Nf3 f6
1/2-1/2

[Event "XLV Festival A"]
[Site "Imperia ITA"]
[Date "2003.09.01"]
[Round "2"]
[White "De Vita, Igor"]
[Black "Jasny, Stanislav"]
[WhiteElo "2158"]
[BlackElo "2319"]
[Result "1-0"]
[PlyCount "25"]
[EventDate "2003.08.31"]

1. d4 Nf6 2. c4 e6 3. Nf3 b6 4. a3 Bb7 5. Nc3 d5 6. cxd5 exd5 7. Qa4+ c6 8. Bg5
Be7 9. e3 O-O 10. Bd3 Nbd7 11. Ne5 Nxe5 12. dxe5 Nd7 13. Qh4 1-0

[Event "XLV Festival A"]
[Site "Imperia ITA"]
[Date "2003.09.01"]
[Round "2"]
[White "Fregonese, Giulio"]
[Black "Semeria, Marco"]
[WhiteElo "2136"]
[BlackElo "2066"]
[Result "1-0"]
[PlyCount "39"]
[EventDate "2003.08.31"]

1. e4 c5 2. c3 d5 3. exd5 Qxd5 4. d4 Nc6 5. Nf3 Bg4 6. dxc5 Qxd1+ 7. Kxd1 e5 8.
b4 e4 9. h3 Bh5 10. g4 exf3 11. gxh5 Nf6 12. Bc4 Ne4 13. Kc2 Be7 14. Nd2 Nxd2
15. Bxd2 O-O 16. Bd5 Bf6 17. Bxf3 Rad8 18. Bf4 Rfe8 19. Rad1 Be5 20. Bxc6 1-0

[Event "XLV Festival A"]
[Site "Imperia ITA"]
[Date "2003.09.01"]
[Round "2"]
[White "Gallitto, Salvatore"]
[Black "Trumpf, Walter"]
[WhiteElo "2010"]
[BlackElo "2098"]
[Result "1-0"]
[PlyCount "83"]
[EventDate "2003.08.31"]

1. d4 g6 2. Nf3 Bg7 3. Bf4 d6 4. Nbd2 Nf6 5. h3 Nbd7 6. e4 O-O 7. Bc4 a6 8. a4
c5 9. c3 b6 10. Qe2 e5 11. dxe5 dxe5 12. Bg3 Bb7 13. O-O Nh5 14. Bh4 Qc7 15.
Bg5 Nf4 16. Qe3 h6 17. Bh4 Kh7 18. g3 g5 19. Bxg5 hxg5 20. Nxg5+ Kg6 21. Ndf3
f6 22. gxf4 exf4 23. Ne6 fxe3 24. Nxc7 Bxe4 25. fxe3 Rac8 26. Ne6 Rh8 27. Nf4+
Kh6 28. Be6 Rc7 29. Nd5 Rc6 30. Bxd7 Rd6 31. Nf4 Rxd7 32. a5 b5 33. Kf2 Re8 34.
Rad1 Ree7 35. Rxd7 Rxd7 36. Ne6 Rd5 37. Rg1 Bh8 38. Rg4 Bxf3 39. Kxf3 Rf5+ 40.
Nf4 Re5 41. Rh4+ Kg7 42. Rxh8 1-0

[Event "XLV Festival A"]
[Site "Imperia ITA"]
[Date "2003.09.01"]
[Round "2"]
[White "Gentile, Claudio"]
[Black "Payen, Arnaud"]
[WhiteElo "2158"]
[BlackElo "2363"]
[Result "0-1"]
[PlyCount "66"]
[EventDate "2003.08.31"]

1. d4 d5 2. c4 c6 3. Nc3 Nf6 4. Nf3 e6 5. e3 a6 6. c5 b6 7. cxb6 Nbd7 8. Na4
Nxb6 9. Bd2 Nxa4 10. Qxa4 Bd7 11. Ne5 c5 12. Nxd7 Qxd7 13. Qd1 cxd4 14. exd4
Be7 15. Bd3 O-O 16. O-O Qd6 17. Rc1 Qb6 18. Bc3 a5 19. Qd2 a4 20. Rfe1 Rfb8 21.
Qg5 Re8 22. Qf4 g6 23. Kh1 Reb8 24. Re3 Nh5 25. Qh6 Bf8 26. Qg5 Bg7 27. Be2 Nf6
28. Bd3 Rc8 29. Qf4 Nh5 30. Qg5 a3 31. Re2 Bxd4 32. Bxd4 Qxd4 33. Rxc8+ Rxc8
0-1

[Event "XLV Festival A"]
[Site "Imperia ITA"]
[Date "2003.09.01"]
[Round "2"]
[White "Gross, Stefan"]
[Black "Barlocco, Carlo"]
[WhiteElo "2328"]
[BlackElo "2150"]
[Result "1-0"]
[PlyCount "77"]
[EventDate "2003.08.31"]

1. e4 c5 2. Nf3 e6 3. Nc3 a6 4. d4 cxd4 5. Nxd4 Qc7 6. Bd3 Nc6 7. Nxc6 dxc6 8.
f4 e5 9. f5 h5 10. Qf3 Nf6 11. Bd2 b5 12. a4 b4 13. Nd1 Bb7 14. Ne3 O-O-O 15.
Nc4 a5 16. O-O-O Nd7 17. Bg5 f6 18. Be3 Bc5 19. Qf2 Bxe3+ 20. Qxe3 c5 21. Be2
Nb8 22. c3 Na6 23. Rxd8+ Rxd8 24. Rd1 Rxd1+ 25. Bxd1 Qc6 26. Qd3 Kb8 27. Nxa5
Qxe4 28. Qd6+ Ka7 29. Nxb7 Qxb7 30. Bf3 Qb6 31. Qf8 Nc7 32. c4 b3 33. Qxg7 Qd6
34. Bd5 Kb6 35. Qg8 Ka5 36. Qb8 Kxa4 37. Qa7+ Na6 38. Bb7 Ka5 39. Bxa6 1-0

[Event "XLV Festival A"]
[Site "Imperia ITA"]
[Date "2003.09.01"]
[Round "2"]
[White "Isonzo, David"]
[Black "Simek, Jiri"]
[WhiteElo "2347"]
[BlackElo "2155"]
[Result "1-0"]
[PlyCount "95"]
[EventDate "2003.08.31"]

1. e4 e5 2. Nf3 Nc6 3. Bb5 f5 4. Nc3 fxe4 5. Nxe4 d5 6. Nxe5 dxe4 7. Nxc6 Qg5
8. Qe2 Nf6 9. Ne5+ c6 10. f4 Qxf4 11. d4 Qh4+ 12. g3 Qh3 13. Bc4 Be6 14. Bg5
O-O-O 15. O-O-O Bd6 16. Bxe6+ Qxe6 17. Qc4 Rhe8 18. Rhf1 Bxe5 19. Qxe6+ Rxe6
20. dxe5 Rxe5 21. Bxf6 gxf6 22. Rxf6 h5 23. Rxd8+ Kxd8 24. Kd2 Kc7 25. Ke3 b5
26. Rf4 a5 27. Rxe4 Rd5 28. Ke2 Kd6 29. Re3 Kc5 30. Rc3+ Kb6 31. Rd3 Re5+ 32.
Kf2 Rc5 33. Rd2 b4 34. h3 Rf5+ 35. Kg2 Rg5 36. Kf3 Rf5+ 37. Kg2 Rg5 38. Rf2 c5
39. Kf3 a4 40. g4 hxg4+ 41. hxg4 c4 42. Rg2 Kc5 43. Kf4 Rg8 44. g5 c3 45. bxc3
bxc3 46. a3 Rd8 47. g6 Rf8+ 48. Ke5 1-0

[Event "XLV Festival A"]
[Site "Imperia ITA"]
[Date "2003.09.01"]
[Round "2"]
[White "Sarmir, Milos"]
[Black "Jurek, Josef"]
[WhiteElo "2152"]
[BlackElo "2342"]
[Result "0-1"]
[PlyCount "100"]
[EventDate "2003.08.31"]

1. e4 c5 2. Nf3 d6 3. d4 cxd4 4. Nxd4 Nf6 5. Nc3 a6 6. Be2 e6 7. O-O Be7 8. Be3
O-O 9. Qd2 Qc7 10. Rad1 b5 11. a3 Bb7 12. f3 Nc6 13. Nxc6 Bxc6 14. Kh1 Rfd8 15.
Bd3 Rab8 16. Ne2 e5 17. c3 d5 18. exd5 Bxd5 19. Qc2 Qc6 20. Ng3 g6 21. Qf2 Rd7
22. Bc2 Rbd8 23. Bb6 Re8 24. Rfe1 Bf8 25. Be3 Bg7 26. Bg5 h6 27. Bxf6 Bxf6 28.
Be4 Red8 29. Rxd5 Rxd5 30. Bxd5 Qxd5 31. Ne4 Be7 32. Qa7 Qe6 33. Qe3 Kg7 34.
Nf2 Bg5 35. Qc5 Rd5 36. Qb4 Rd2 37. Ne4 Be7 38. Qxe7 Qxe7 39. Nxd2 Qd7 40. Nf1
Qd3 41. a4 bxa4 42. Ra1 Qe2 43. Kg1 Qxb2 44. Rxa4 Qb6+ 45. Kh1 Qf2 46. Ra1 a5
47. h3 a4 48. Rxa4 Qxf1+ 49. Kh2 Qd3 50. c4 Qb3 0-1